000 00775cab a2200229 4500
001 ABS39351
008 090401t1988 xxu||||| |||| 00| 0 eng d
035 _a(Sirsi) u16091
041 _aeng
245 _aTax considerations on site assembly and redevelopment
260 _c1988
350 _a0
490 _aSolicitors` Journal
_v132(23) 10 June 1988, 838-839(2)
520 _aSecond article in series on the development of land . Summarises the various tax implications which may confront both the vendor and developer of land, sold for redevelopment.
650 _aINVESTMENT
650 _aSITE ASSEMBLY
650 _aTAXATION
650 _aTOWN AND COUNTRY PLANNING ACT 1971 S52
690 _aPLANNING LAW AND PRACTICE
942 _n0
948 _c04/03/1997
999 _c10580
_d10580